|
|
|
|
| LEADER |
02555nam a22003733i 4500 |
| 001 |
EBC6422872 |
| 003 |
MiAaPQ |
| 005 |
20231204023215.0 |
| 006 |
m o d | |
| 007 |
cr cnu|||||||| |
| 008 |
231204s2014 xx o ||||0 eng d |
| 020 |
|
|
|a 9783658064303
|q (electronic bk.)
|
| 020 |
|
|
|z 9783658061944
|
| 035 |
|
|
|a (MiAaPQ)EBC6422872
|
| 035 |
|
|
|a (Au-PeEL)EBL6422872
|
| 035 |
|
|
|a (OCoLC)1109058031
|
| 040 |
|
|
|a MiAaPQ
|b eng
|e rda
|e pn
|c MiAaPQ
|d MiAaPQ
|
| 050 |
|
4 |
|a TL1-483
|
| 100 |
1 |
|
|a Schaeffler Technologies GmbH & Co. KG, Schaeffler Technologies.
|
| 245 |
1 |
0 |
|a Solving the Powertrain Puzzle :
|b 10th Schaeffler Symposium April 3/4 2014.
|
| 250 |
|
|
|a 1st ed.
|
| 264 |
|
1 |
|a Wiesbaden :
|b Springer Fachmedien Wiesbaden GmbH,
|c 2014.
|
| 264 |
|
4 |
|c Ã2014.
|
| 300 |
|
|
|a 1 online resource (517 pages)
|
| 336 |
|
|
|a text
|b txt
|2 rdacontent
|
| 337 |
|
|
|a computer
|b c
|2 rdamedia
|
| 338 |
|
|
|a online resource
|b cr
|2 rdacarrier
|
| 505 |
0 |
|
|a Intro -- Overview of Technical Papers -- 1 Mobility of the Future -- 2 Powertrain Systems -- 3 Developing Combustion Engines -- 4 Manual Gearbox -- 5 Centrifugal Pendulum-type Absorber -- 6 Clutch Release Systems -- 7 Clutch Systems -- 8 Synchronisation Systems -- 9 Simulation Engine Systems -- 10 Camshaft Phasing Systems -- 11 Valvetrain Systems -- 12 Variable Valvetrain -- 13 Rolling Bearings for Turbochargers -- 14 48-volt Electric Axle -- 15 Double Clutch Systems -- 16 Dry Double Clutch -- 17 Wet Double Clutch -- 18 Planetary Transmission 1 -- 19 Planetary Transmission 2 -- 20 Torque Converter -- 21 Thermal Management -- 22 Timing Drive Systems -- 23 Customized Friction -- 24 Start-Stop -- 25 Transmission Actuators -- 26 Differential Systems -- 27 The Chassis of the Future -- 28 Range-Extender -- 29 Hybrid Modules -- 30 Wheel Hub Drives -- 31 What Powertrains Could Learn from Each Other -- 32 CAFE Demonstrator -- 33 Belt Drive Systems -- 34 CVT.
|
| 588 |
|
|
|a Description based on publisher supplied metadata and other sources.
|
| 590 |
|
|
|a Electronic reproduction. Ann Arbor, Michigan : ProQuest Ebook Central, 2023. Available via World Wide Web. Access may be limited to ProQuest Ebook Central affiliated libraries.
|
| 655 |
|
4 |
|a Electronic books.
|
| 776 |
0 |
8 |
|i Print version:
|a Schaeffler Technologies GmbH & Co. KG, Schaeffler Technologies
|t Solving the Powertrain Puzzle
|d Wiesbaden : Springer Fachmedien Wiesbaden GmbH,c2014
|z 9783658061944
|
| 797 |
2 |
|
|a ProQuest (Firm)
|
| 856 |
4 |
0 |
|u https://ebookcentral.proquest.com/lib/matrademy/detail.action?docID=6422872
|z Click to View
|